Представление документа в формате MARC21

Поле Инд. ПП Название Значение
Тип записи a
Библиографический уровень b
001 Контрольный номер RU/IS/BASE/212495912
005 Дата корректировки 20220715140324.4
008 Кодируемые данные 20060925
040 b Код языка каталог. rus
e Правила каталог. PSBO
041 0_ a Код языка текста rus
084 a Индекс другой классификации/Индекс ББК 60.524.125; 60.561.2; 60.523
100 1_ a Автор Самара Г. Н.
q Полное имя Самара Галина Николаевна
245 10 a Заглавие Социокультурная адаптация в современном российском обществе
504 a Библиография Библиогр. ссылки. - Примеч.
650 a Основная рубрика социология
a Основная рубрика социология культуры
a Основная рубрика экономическая социология
653 a Ключевые слова аккультурация
a Ключевые слова менталитет
a Ключевые слова российское общество
a Ключевые слова Россия
a Ключевые слова социальная адаптация
a Ключевые слова социокультурная адаптация
a Ключевые слова социокультурная среда
a Ключевые слова экономическая адаптация
773 0_ t Заглавие источника Вестник Московского университета. Серия 18, Социология и политология
d Дата издания источника 2006
g Прочая информация № 3. - С. 56 - 62
w Контрольный № источника RU/IS/BASE/211298150
901 t Тип документа b